000 00575nam a2200133 4500
999 _c13247
_d13247
008 190220b ||||| |||| 00| 0 eng d
082 _2DPer 050 T48 Apr-June 2016 v. 187, n. 12-24.
100 _937033
_aCalabresi, Massimo
245 _aThe G-man, the emails and Hillary:
_bwhat FBI director James Comey's investigation reveals about Hillary Clinton's emails could change the course of the election/
_cMassimo Clabresi.
260 _aHong Kong;
_bTime Asia,
_cc2016.
300 _av187 n13, page 28-33:
_billustrations;
_c27 cm.
650 _aPolitics.
_937034
942 _2ddc
_cPER